التفاضل والتكامل. (رقم التسجيلة. 81602)

تفاصيل مارك
000 -الفاتح
حقل البيانات ثابتة الطول 00849nam a2200229 4500
003 - محدد رقم الضبط
رقم الضبط OSt
005 - وقت وتاريخ اخر تعامل مع التسجيلة
رقم الضبط 20220821163357.0
008 - عناصر البيانات ثابتة الطول - معلومات عامة
حقل البيانات ثابتة الطول 160413s2014 jo f 000 0 ara c
020 ## - الرقم الدولى المعيارى للكتب
الرقم الدولى المعيارى للكتاب 9789957068707
040 ## - مصدر الفهرسة
وكالة الفهرسة الأصلية Ma-Un
لغة الفهرسة ara
وكالة النسخ Ma-Un
قواعد الوصف rda
082 04 - رقم تصنيف ديوى العشرى
رقم التصنيف 515
رقم المادة خ ر ت
رقم الطبعة 21
100 1# - المدخل الرئيسى - إسم شخصى
الإسم الشخصى الخطيب، روحي إبراهيم
الدور مؤلف.
245 12 - بيان العنوان
العنوان التفاضل والتكامل.
رقم الجزء/قسم العمل الجزء الأول =
بقية العنوان Calculus /
بيان المسئوليه,etc روحي إبراهيم الخطيب.
246 31 - العنوان الموازى
عنوان صحيح/عنوان مختصر Calculus
250 ## - بيان الطبعة
بيان الطبعة الطبعة الثانية.
264 #1 - النشر, التوزيع, ETC. (IMPRINT)
مكان الناشر او الموزع RDA عمان، الأردن :
اسم الناشر او الموزع RDA دار المسيرة للنشر والتوزيع،
تاريخ النشر أو التوزيع 2014
تاريخ النشر هجري 1435.
300 ## - الوصف المادى
التعداد 472 ص. :
تفاصيل ماديه اخرى للوعاء إيض. ؛
أبعاد الوعاء 24 سم.
504 ## - تبصرة ببليوجرافية
تبصرة ببليوجرافية,الخ يشتمل على قائمة ببليوجرافية.
650 #7 - المدخل الاضافى بالموضوع-مصطلح موضوعى
مصطلح موضوعي أو اسم جغرافي كعنصر مدخل التفاضل والتكامل
952 ## - LOCATION AND ITEM INFORMATION (KOHA)
نوع المادة فى نظام كوها كتاب
952 ## - LOCATION AND ITEM INFORMATION (KOHA)
نوع المادة فى نظام كوها كتاب
952 ## - LOCATION AND ITEM INFORMATION (KOHA)
نوع المادة فى نظام كوها كتاب
952 ## - LOCATION AND ITEM INFORMATION (KOHA)
نوع المادة فى نظام كوها كتاب
952 ## - LOCATION AND ITEM INFORMATION (KOHA)
نوع المادة فى نظام كوها كتاب
952 ## - LOCATION AND ITEM INFORMATION (KOHA)
نوع المادة فى نظام كوها كتاب
952 ## - LOCATION AND ITEM INFORMATION (KOHA)
نوع المادة فى نظام كوها كتاب
952 ## - LOCATION AND ITEM INFORMATION (KOHA)
نوع المادة فى نظام كوها كتاب
952 ## - LOCATION AND ITEM INFORMATION (KOHA)
نوع المادة فى نظام كوها كتاب
952 ## - LOCATION AND ITEM INFORMATION (KOHA)
نوع المادة فى نظام كوها كتاب
952 ## - LOCATION AND ITEM INFORMATION (KOHA)
نوع المادة فى نظام كوها كتاب
952 ## - LOCATION AND ITEM INFORMATION (KOHA)
نوع المادة فى نظام كوها كتاب
952 ## - LOCATION AND ITEM INFORMATION (KOHA)
نوع المادة فى نظام كوها كتاب
952 ## - LOCATION AND ITEM INFORMATION (KOHA)
نوع المادة فى نظام كوها كتاب
952 ## - LOCATION AND ITEM INFORMATION (KOHA)
نوع المادة فى نظام كوها كتاب
952 ## - LOCATION AND ITEM INFORMATION (KOHA)
نوع المادة فى نظام كوها كتاب
952 ## - LOCATION AND ITEM INFORMATION (KOHA)
نوع المادة فى نظام كوها كتاب
535 2# - تبصرة موقع الأصول / النسخ
المالك 3
942 ## -
-- ddc
-- BOOK
المقتنيات
حالة الفقد نموذج السعر الفعال حالة تلف ليس للاعارة تاريخ الاكتساب رقم الطلب رقم النسخة تاريخ الاكتساب الموقع الحالي الباركود الفرع الرئيسي Date last seen مصدر التصنيف او خطة الترفيف Total Checkouts
  2022-08-21   Not For Loan 2022-08-21 515 خ ر ت مج.1 2022-08-21 CL 00187214 المكتبة المركزية بالمجمعة (CL) 2022-08-21 Dewey Decimal Classification  
  2022-08-21     2022-08-21 515 خ ر ت مج.1 2022-08-21 CL 00187215 المكتبة المركزية بالمجمعة (CL) 2022-08-21 Dewey Decimal Classification  
  2022-08-21     2022-08-21 515 خ ر ت مج.1 2022-08-21 CL 00187216 المكتبة المركزية بالمجمعة (CL) 2022-08-21 Dewey Decimal Classification  
  2022-08-21   Not For Loan 2022-08-21 515 خ ر ت مج.1 2022-08-21 IC 00187219 قسم الاجراءات الفنية (IC) 2022-08-21 Dewey Decimal Classification  
  2022-08-21     2022-08-21 515 خ ر ت مج.1 2022-08-21 IC 00187220 قسم الاجراءات الفنية (IC) 2022-08-21 Dewey Decimal Classification  
  2022-08-21   Not For Loan 2022-08-21 515 خ ر ت مج.1 2022-08-21 IC 00187225 قسم الاجراءات الفنية (IC) 2022-08-21 Dewey Decimal Classification  
  2022-08-21     2022-08-21 515 خ ر ت مج.1 2022-08-21 IC 00187226 قسم الاجراءات الفنية (IC) 2022-08-21 Dewey Decimal Classification  
  2022-08-21   Not For Loan 2022-08-21 515 خ ر ت مج.1 2022-08-21 IC 00187227 قسم الاجراءات الفنية (IC) 2022-08-21 Dewey Decimal Classification  
  2022-08-21     2022-08-21 515 خ ر ت مج.1 2022-08-21 IC 00187228 قسم الاجراءات الفنية (IC) 2022-08-21 Dewey Decimal Classification  
  2022-08-21   Not For Loan 2022-08-21 515 خ ر ت مج.1 2022-08-21 SHF 00187217 مكتبة كلية التمريض - طالبات (CNF) 2022-08-21 Dewey Decimal Classification  
  2022-08-21     2022-08-21 515 خ ر ت مج.1 2022-08-21 SHF 00187218 مكتبة كلية التمريض - طالبات (CNF) 2022-08-21 Dewey Decimal Classification  
  2022-08-21   Not For Loan 2022-08-21 515 خ ر ت مج.1 2022-08-21 SRF 00187221 مكتبة كلية العلوم و الدراسات الإنسانية برماح - طالبات (SRF) 2022-08-21 Dewey Decimal Classification  
  2022-08-21     2022-08-21 515 خ ر ت مج.1 2022-08-21 SRF 00187222 مكتبة كلية العلوم و الدراسات الإنسانية برماح - طالبات (SRF) 2022-08-21 Dewey Decimal Classification  
  2022-08-21   Not For Loan 2022-08-21 515 خ ر ت مج.1 2022-08-21 SRM 00187223 مكتبة كلية العلوم و الدراسات الإنسانية برماح - طلاب (SRM) 2022-08-21 Dewey Decimal Classification  
  2022-08-21     2022-08-21 515 خ ر ت مج.1 2022-08-21 SRM 00187224 مكتبة كلية العلوم و الدراسات الإنسانية برماح - طلاب (SRM) 2022-08-21 Dewey Decimal Classification  
  2022-08-21   Not For Loan 2022-08-21 515 خ ر ت مج.1 2022-08-21 SZM 00187229 مكتبة مجمع الكليات بالزلفى - طلاب (SZM) 2022-08-21 Dewey Decimal Classification  
  2022-08-21     2022-08-21 515 خ ر ت مج.1 2022-08-21 SZM 00187230 مكتبة مجمع الكليات بالزلفى - طلاب (SZM) 2022-08-21 Dewey Decimal Classification